पर्यावरण अध्ययन / (Record no. 65033)

MARC details
000 -LEADER
fixed length control field 00730nam a22001817a 4500
005 - DATE AND TIME OF LATEST TRANSACTION
control field 20120416120531.0
020 ## - INTERNATIONAL STANDARD BOOK NUMBER
Terms of availability 500.00
International Standard Book Number
035 ## - SYSTEM CONTROL NUMBER
System control number B-193271
037 ## - SOURCE OF ACQUISITION
Source of stock number/acquisition
Stock number dpl
082 ## - DEWEY DECIMAL CLASSIFICATION NUMBER
Classification number 363.7
100 ## - MAIN ENTRY--PERSONAL NAME
Personal name तेली, बी.एल.
245 1# - TITLE STATEMENT
Title पर्यावरण अध्ययन /
Statement of responsibility, etc बी.एल.तेली
260 ## - PUBLICATION, DISTRIBUTION, ETC. (IMPRINT)
Place of publication, distribution, etc जयपुर
Name of publisher, distributor, etc कॉलेज बुक डिपो
Date of publication, distribution, etc 2006
270 ## - ADDRESS
Address
City
Postal code
Telephone number
300 ## - PHYSICAL DESCRIPTION
Extent 235पृ.
Dimensions 22सेमी (सजिल्द)
942 ## - ADDED ENTRY ELEMENTS (KOHA)
Institution code [OBSOLETE] dpl
Item type Hindi Books
Call number prefix
Source of classification or shelving scheme Dewey Decimal Classification
Classification part 363.7
Call number suffix तेलीबी
Holdings
Withdrawn status Lost status Not for loan Collection code Home library Current library Date acquired Cost, normal purchase price Full call number Barcode Cost, replacement price Koha item type
      Non-fiction Sarojini Nagar Sarojini Nagar 16/04/2012 500.00 363.7 तेलीबी B-193271 500.00 Hindi Books

© Delhi Public Library
Hit Counter
free hit counter